000 00618nam a2200241Ia 4500
003 OSt
005 20221005123852.0
006 a|||||r|||| 00| 0
007 ta
008 221004b |||||||| |||| 00| 0 rus d
024 _a58251
037 _cTextual
040 _aCRL
_cCRL
_brus
041 _2rus
_arus
082 _aO42,2NSM,1, 32H8
100 _aMushakoji Au.
_9634345
245 0 _aMana sandaram
260 _c1948
650 _a RUSSIAN LITERATURE
650 _aMALAYALAM LITERATURE
_938866
942 _hO42,2NSM,1, 32H8
_cTEXL
_2cc
999 _c1048748
_d1048748